| 000 | 00760 a2200181 4500 | ||
|---|---|---|---|
| 999 |
_c330713 _d330713 |
||
| 005 | 20170731142051.0 | ||
| 008 | 170731b xxu||||| |||| 00| 0 eng d | ||
| 020 | _a9789332573901 | ||
| 040 |
_aDLC _bDLC _c0 |
||
| 082 | _a005.3,BRY | ||
| 100 |
_aBryant, Randal E. _93690 |
||
| 245 |
_aComputer systems: A Programmer's perspective / _cRandal Bryant and David R. O Hallaron |
||
| 250 | _a3rd Ed. | ||
| 260 |
_aIndia: _bPearson Education, _c2016 |
||
| 300 |
_a1120 p. : _bill. ; _c24 cm. |
||
| 505 | _aA tour of computer systems(Page-37), Representing and manipulating information (Page-67), Machine-Level representation of programs(Page-199), Processor architecture(Page-387), Optimizing program performance(page-531), The memory hierarchy(Page-615), Linking(page-705), Exceptional control flow, (Page-757), Virtual memory(Page-837), System-Level I/O (Page-925), Network programming,(Page-953), Concurrent programming(page-1007). | ||
| 650 |
_a1.Computers.2.Telecommunication. 3.User interfaces (Computer systems) _93691 |
||
| 700 |
_aO’Hallaron, David R. _93692 |
||
| 942 |
_cBK _k005.3,BRY _2ddc |
||